[Event "Chioggia op-A 04th"]
[Site "Chioggia"]
[Date "2009.10.11"]
[Round "4"]
[White "Quaranta, Cristiano"]
[Black "Alberti, Andrea"]
[Result "0-1"]
[WhiteElo "2127"]
[BlackElo "2133"]
[PlyCount "60"]
[EventDate "2009.10.09"]
[EventType "swiss"]
[EventRounds "5"]
[EventCountry "ITA"]
[SourceTitle "EXT 2022"]
[Source "ChessBase"]
[SourceDate "2021.10.06"]
[SourceVersion "1"]
[SourceVersionDate "2021.10.06"]
[SourceQuality "1"]

1. d4 d5 2. c4 c6 3. Nf3 Nf6 4. e3 a6 5. Bd3 g6 6. Qc2 Bg7 7. b3 0-0 8. 0-0 c5 9. Bb2 cxd4 10. exd4 Nc6 11. a3 Bg4 12. Nbd2 Rc8 13. c5 Re8 14. b4 Nd7 15. Rae1 Nf8 16. Ne5 Bd7 17. Qb3 Ne6 18. Nxc6 Bxc6 19. Nf3 Nf4 20. Ne5 Bxe5 21. dxe5 Nxd3 22. Qxd3 Bb5 23. Qd4 Bxf1 24. e6 f6 25. Kxf1 b6 26. Re5 bxc5 27. bxc5 Qc7 28. Rxd5 Qc6 29. g4 Qxe6 30. g5 Rb8 0-1

[Event "Chioggia op-A 04th"]
[Site "Chioggia"]
[Date "2009.10.10"]
[Round "3"]
[White "Alberti, Andrea"]
[Black "Zamengo, Bruno"]
[Result "1-0"]
[WhiteElo "2133"]
[BlackElo "1835"]
[PlyCount "69"]
[EventDate "2009.10.09"]
[EventType "swiss"]
[EventRounds "5"]
[EventCountry "ITA"]
[SourceTitle "EXT 2022"]
[Source "ChessBase"]
[SourceDate "2021.10.06"]
[SourceVersion "1"]
[SourceVersionDate "2021.10.06"]
[SourceQuality "1"]

1. d4 Nf6 2. c4 c5 3. d5 b5 4. cxb5 a6 5. b6 d6 6. Nc3 Bb7 7. e4 Nbd7 8. a4 Qxb6 9. a5 Qc7 10. f4 e6 11. Bc4 exd5 12. exd5 Be7 13. Nf3 0-0 14. 0-0 Rfe8 15. Qd3 Nf8 16. Bd2 Ng6 17. Na4 Nd7 18. Rfe1 Qd8 19. g3 Bf6 20. Rxe8+ Qxe8 21. Bc3 Qd8 22. Nd2 Be7 23. Ra3 Bf8 24. Rb3 Ra7 25. Nb6 Nb8 26. h4 Ne7 27. Ne4 Nc8 28. Ng5 g6 29. Qe4 Nxb6 30. axb6 Ra8 31. Nxf7 Qd7 32. Ng5 Qe7 33. Qe6+ Qxe6 34. Nxe6 Be7 35. Nc7 1-0

[Event "Lugano op"]
[Site "Lugano"]
[Date "2007.11.17"]
[Round "2.4"]
[White "Belezky, Alexander"]
[Black "Alberti, Andrea"]
[Result "1-0"]
[WhiteElo "2436"]
[BlackElo "2148"]
[PlyCount "33"]
[EventDate "2007.11.16"]
[EventType "swiss"]
[EventRounds "5"]
[EventCountry "SUI"]
[SourceTitle "CBM 121 Extra"]
[Source "ChessBase"]
[SourceDate "2008.01.10"]
[SourceVersion "1"]
[SourceVersionDate "2008.01.10"]
[SourceQuality "1"]

1. e4 c5 2. Nf3 e6 3. d3 Nc6 4. g3 g6 5. Bg2 Bg7 6. 0-0 Nge7 7. c3 0-0 8. d4 cxd4 9. cxd4 d5 10. e5 Bd7 11. Nc3 Nf5 12. g4 Nfxd4 13. Nxd4 Nxe5 14. h3 Qb6 15. Nde2 Bc6 16. Be3 Qxb2 17. Bc5 1-0

[Event "Venice Autumn op 11th"]
[Site "Venice"]
[Date "2005.11.01"]
[Round "5"]
[White "Alberti, Andrea"]
[Black "Rogulj, Branko"]
[Result "0-1"]
[WhiteElo "2179"]
[BlackElo "2393"]
[PlyCount "68"]
[EventDate "2005.10.29"]
[EventType "swiss"]
[EventRounds "6"]
[EventCountry "ITA"]
[SourceTitle "EXT 2006"]
[Source "ChessBase"]
[SourceDate "2005.11.24"]
[SourceVersion "1"]
[SourceVersionDate "2005.11.24"]
[SourceQuality "1"]

1. d4 Nf6 2. c4 g6 3. g3 Bg7 4. Bg2 c5 5. d5 d6 6. Nc3 0-0 7. Nf3 e6 8. 0-0 exd5 9. cxd5 Re8 10. Bf4 a6 11. a4 h6 12. h3 g5 13. Be3 Rxe3 14. fxe3 Qe7 15. g4 Qxe3+ 16. Kh1 Nbd7 17. Nd2 Qe7 18. Nde4 Nxe4 19. Bxe4 Bxc3 20. Qc2 Bg7 21. Bh7+ Kh8 22. Rab1 Nf6 23. Bf5 Nxd5 24. Qb3 Ne3 25. Rf3 Bxf5 26. gxf5 Re8 27. Rc1 Bd4 28. Qb6 Nd5 29. Qb3 Nf6 30. e3 Be5 31. Qb6 Rc8 32. Kg2 Kg7 33. Re1 Qc7 34. Qb3 c4 0-1

[Event "Venice Autumn op 11th"]
[Site "Venice"]
[Date "2005.10.30"]
[Round "2"]
[White "Alberti, Andrea"]
[Black "Opacic, Alexandar"]
[Result "1-0"]
[WhiteElo "2179"]
[BlackElo "2122"]
[PlyCount "141"]
[EventDate "2005.10.29"]
[EventType "swiss"]
[EventRounds "6"]
[EventCountry "ITA"]
[SourceTitle "EXT 2006"]
[Source "ChessBase"]
[SourceDate "2005.11.24"]
[SourceVersion "1"]
[SourceVersionDate "2005.11.24"]
[SourceQuality "1"]

1. d4 d5 2. c4 c6 3. Nf3 Nf6 4. e3 a6 5. Nbd2 b5 6. b3 Bg4 7. Be2 Nbd7 8. 0-0 e6 9. Bb2 Bd6 10. Ne5 Bxe2 11. Qxe2 Rc8 12. a4 0-0 13. Rfc1 Bb4 14. Ndf3 bxc4 15. bxc4 a5 16. c5 Nxe5 17. Nxe5 Nd7 18. Nd3 Ra8 19. Rcb1 Qc7 20. Nxb4 axb4 21. Bc1 Rfb8 22. Bd2 b3 23. a5 Rb5 24. Ra3 Rab8 25. Be1 Qa7 26. Qd1 b2 27. Qe2 e5 28. Ra2 exd4 29. exd4 Nf6 30. Raxb2 Re8 31. Qf1 Rxb2 32. Rxb2 Qe7 33. Bd2 Ne4 34. Be3 Nc3 35. Rb6 f5 36. Qd3 Nb5 37. g3 Qf6 38. a6 Ra8 39. Qd1 g5 40. Qa4 Kg7 41. Rb7+ Kg6 42. f4 Qe6 43. Bf2 gxf4 44. gxf4 Kh6 45. Qb3 Qg6+ 46. Kf1 Qh5 47. Qg3 Qg4 48. Qxg4 fxg4 49. Rb6 Rc8 50. Kg2 Kg6 51. Kg3 Kf5 52. Rb7 h5 53. Re7 h4+ 54. Kxh4 Rh8+ 55. Kg3 Rh3+ 56. Kg2 Ra3 57. Re5+ Kf6 58. Rg5 Rxa6 59. Rxg4 Nc3 60. Rg8 Ra2 61. Kf3 Ne4 62. Bh4+ Kf7 63. Rg2 Ra3+ 64. Kg4 Rd3 65. Kf5 Rxd4 66. Rg6 Nxc5 67. Rxc6 Ne6 68. Rxe6 Rd3 69. Re7+ Kf8 70. Rd7 Rh3 71. Bg3 1-0

[Event "Venice Autumn op 09th"]
[Site "Venice"]
[Date "2003.11.02"]
[Round "5"]
[White "Alberti, Andrea"]
[Black "Drazic, Sinisa"]
[Result "0-1"]
[WhiteElo "2174"]
[BlackElo "2467"]
[PlyCount "92"]
[EventDate "2003.10.30"]
[EventType "swiss"]
[EventRounds "6"]
[EventCountry "ITA"]
[SourceTitle "EXT 2004"]
[Source "ChessBase"]
[SourceDate "2003.11.25"]
[SourceVersion "1"]
[SourceVersionDate "2003.11.25"]
[SourceQuality "1"]

1. d4 d5 2. c4 dxc4 3. e3 Be6 4. Na3 c5 5. Nxc4 cxd4 6. exd4 Nc6 7. Nf3 Nf6 8. Be2 Bxc4 9. Bxc4 e6 10. 0-0 Be7 11. Qe2 0-0 12. Rd1 Rc8 13. a3 Nd5 14. Ba2 Bf6 15. Qe4 Rc7 16. Be3 Rd7 17. Rd2 g6 18. Rad1 Qa5 19. Rc1 Rfd8 20. Rc5 Qa4 21. h4 Nxe3 22. fxe3 Be7 23. Rc4 Qa5 24. Rf2 Qf5 25. Bb1 Bf6 26. g4 Qd5 27. Rc5 Qd6 28. b4 a5 29. g5 Bg7 30. h5 axb4 31. axb4 Nxb4 32. Kg2 b6 33. Rc1 Rc7 34. Rh1 Nd5 35. hxg6 hxg6 36. Ne5 Bxe5 37. dxe5 Qb4 38. Qf3 Qc3 39. Rh6 Nxe3+ 40. Kh3 Nf5 41. Bxf5 exf5 42. Qxc3 Rxc3+ 43. Kg2 Re3 44. Rb2 Rxe5 45. Rxb6 Re4 46. Rh3 Rg4+ 0-1

[Event "Venice Autumn op 09th"]
[Site "Venice"]
[Date "2003.10.31"]
[Round "2"]
[White "Djuric, Stefan"]
[Black "Alberti, Andrea"]
[Result "1-0"]
[WhiteElo "2488"]
[BlackElo "2174"]
[PlyCount "99"]
[EventDate "2003.10.30"]
[EventType "swiss"]
[EventRounds "6"]
[EventCountry "ITA"]
[SourceTitle "EXT 2004"]
[Source "ChessBase"]
[SourceDate "2003.11.25"]
[SourceVersion "1"]
[SourceVersionDate "2003.11.25"]
[SourceQuality "1"]

1. e4 c5 2. Nf3 e6 3. Nc3 a6 4. g3 Nc6 5. Bg2 d6 6. 0-0 Bd7 7. a3 e5 8. Nd5 Be7 9. b4 Nf6 10. Rb1 b5 11. d3 0-0 12. Nd2 cxb4 13. axb4 Nxd5 14. exd5 Nd4 15. c3 Nf5 16. Nb3 Bf6 17. Na5 Qc8 18. Bd2 Ne7 19. Re1 Bf5 20. Be4 Bg4 21. Qb3 Qd7 22. c4 Rac8 23. Rbc1 Rfd8 24. c5 dxc5 25. bxc5 Nxd5 26. c6 Qe6 27. Nb7 Nf4 28. Qxe6 Nxe6 29. Nxd8 Bxd8 30. Kg2 Nd4 31. c7 Rxc7 32. Rxc7 Bxc7 33. Bc3 Be6 34. Bxd4 exd4 35. Rc1 Ba5 36. Ra1 Bc3 37. Rxa6 g6 38. Rb6 b4 39. Rb5 b3 40. Bd5 Bxd5+ 41. Rxd5 b2 42. Rb5 h5 43. Kf3 Kg7 44. Rb6 Kf8 45. Ke4 Ke7 46. f4 f6 47. Kd5 Kd7 48. Rb7+ Kc8 49. Kc6 g5 50. f5 1-0

[Event "Lido degli Estensi op 4th"]
[Site "Lido degli Estensi"]
[Date "2003.06.07"]
[Round "2"]
[White "Alberti, Andrea"]
[Black "Bukal, Vladimir Sr"]
[Result "0-1"]
[WhiteElo "2174"]
[BlackElo "2414"]
[PlyCount "68"]
[EventDate "2003.06.06"]
[EventType "swiss"]
[EventRounds "9"]
[EventCountry "ITA"]
[SourceTitle "CBM 094 Extra"]
[Source "ChessBase"]
[SourceDate "2003.07.09"]
[SourceVersion "2"]
[SourceVersionDate "2003.07.09"]
[SourceQuality "1"]

1. d4 d5 2. c4 c6 3. e3 Nf6 4. Nf3 a6 5. Qc2 Bg4 6. Be2 e6 7. 0-0 Nbd7 8. b3 Bd6 9. Bb2 Qb8 10. Nbd2 Bxh2+ 11. Nxh2 Bxe2 12. Rfe1 Bh5 13. Ba3 Bg6 14. Qc3 a5 15. b4 0-0 16. bxa5 Rc8 17. c5 Qc7 18. Bb4 e5 19. f3 Re8 20. Nhf1 Nh5 21. Kf2 exd4 22. exd4 Nf4 23. Re3 Rxe3 24. Nxe3 Nd3+ 25. Kg1 Qg3 26. Ndf1 Qf2+ 27. Kh2 Re8 28. Qd2 Qh4+ 29. Kg1 Qxd4 30. Rb1 Qh4 31. Rb3 N7e5 32. a3 h5 33. Nc2 Nc4 34. Qc3 Qf2+ 0-1